000
00228 a2200097 4500
001
37824
100
_a
Sun Q
245
_a
computer application in product Engineering
260
_a
UK
_b
Chapman & Hall
_c
090
_c
24016
_d
24016
942
_a
NUST-CAE
_c
M
_c
15577
999
_c
272897
_d
272897